Visualizzazione normale
Vista MARC
- Tracey William
di Personal Name
Records bibliografici associati: 1
001 - CONTROL NUMBER
- control field: 13456
003 - CONTROL NUMBER IDENTIFIER
- control field: IT-RoPau
005 - DATE AND TIME OF LATEST TRANSACTION
- control field: 20140213170841.0
008 - FIXED-LENGTH DATA ELEMENTS
- fixed length control field: 140213|| aca||aabn | a|a d
040 ## - CATALOGING SOURCE
- Original cataloging agency: IT-RoPau
- Transcribing agency: IT-RoPau
100 ## - HEADING--PERSONAL NAME
- Personal name: Tracey William
- Dates associated with a name: Codice autore SPICS: 20296
- Relator term: Autore
- Name of part/section of a work: Them There Eyes
670 ## - SOURCE DATA FOUND
- Source citation: Work cat.: (IT-RoPau)99981: AA.VV. 794, Grandi della chitarra (I)